Risk in social science (Record no. 7473)
[ view plain ]
| 000 -LEADER | |
|---|---|
| fixed length control field | 02259nam a22003854a 4500 |
| 001 - CONTROL NUMBER | |
| control field | ebr10271614 |
| 003 - CONTROL NUMBER IDENTIFIER | |
| control field | CaPaEBR |
| 006 - FIXED-LENGTH DATA ELEMENTS--ADDITIONAL MATERIAL CHARACTERISTICS--GENERAL INFORMATION | |
| fixed length control field | m u |
| 007 - PHYSICAL DESCRIPTION FIXED FIELD--GENERAL INFORMATION | |
| fixed length control field | cr cn||||||||| |
| 008 - FIXED-LENGTH DATA ELEMENTS--GENERAL INFORMATION | |
| fixed length control field | 060605s2006 enk sb 001 0 eng |
| 010 ## - LIBRARY OF CONGRESS CONTROL NUMBER | |
| Canceled/invalid LC control number | 2006018529 |
| 015 ## - NATIONAL BIBLIOGRAPHY NUMBER | |
| National bibliography number | GBA658758 |
| Source | bnb |
| 016 7# - NATIONAL BIBLIOGRAPHIC AGENCY CONTROL NUMBER | |
| Canceled or invalid record control number | 013504365 |
| Source | Uk |
| 020 ## - INTERNATIONAL STANDARD BOOK NUMBER | |
| Cancelled/invalid ISBN | 0199285950 (hb) |
| Cancelled/invalid ISBN | 9780199285952 (hb) |
| Cancelled/invalid ISBN | 0199285969 (pb) |
| Cancelled/invalid ISBN | 9780199285969 (pb) |
| 040 ## - CATALOGING SOURCE | |
| Original cataloging agency | CaPaEBR |
| Transcribing agency | CaPaEBR |
| 035 ## - SYSTEM CONTROL NUMBER | |
| System control number | (OCoLC)133095357 |
| 050 14 - LIBRARY OF CONGRESS CALL NUMBER | |
| Classification number | HM1101 |
| Item number | .R585 2006eb |
| 082 04 - DEWEY DECIMAL CLASSIFICATION NUMBER | |
| Classification number | 302/.12 |
| Edition number | 22 |
| 245 00 - TITLE STATEMENT | |
| Title | Risk in social science |
| Medium | [electronic resource] / |
| Statement of responsibility, etc | [edited by] Peter Taylor-Gooby and Jens O. Zinn. |
| 260 ## - PUBLICATION, DISTRIBUTION, ETC. (IMPRINT) | |
| Place of publication, distribution, etc | Oxford ; |
| -- | New York : |
| Name of publisher, distributor, etc | Oxford University Press, |
| Date of publication, distribution, etc | 2006. |
| 300 ## - PHYSICAL DESCRIPTION | |
| Extent | xiii, 292 p. |
| 504 ## - BIBLIOGRAPHY, ETC. NOTE | |
| Bibliography, etc | Includes bibliographical references and index. |
| 505 0# - FORMATTED CONTENTS NOTE | |
| Formatted contents note | The current significance of risk / Peter Taylor-Gooby and Jens O. Zinn -- Risk as an interdisciplinary research area / Jens O. Zinn and Peter Taylor-Gooby -- The challenge of (managing) new risks / Jens O. Zinn and Peter Taylor-Gooby -- Crime and risk / Hazel Kemshall -- Risk, environment, and technology / Nick Pidgeon, Peter Simmons, and Karen Henwood -- Everyday life, and leisure time / John Tulloch -- Risk and intimate relationships / Jane Lewis and Sophie Sarre -- Health and risk / Andy Alaszewski -- Life course, youth, and old age / Sarah Vickerstaff -- Risk, regulation, and management / Bridget Hutter -- Social inequality and risk / anwen Jones, David Abbott, and Deborah Quilgars -- The media and risk / Emma Hughes, Jenny Kitzinger, and Graham Murdock -- Social and public policy : reflexive individualization and regulatory governance / Peter Taylor-Gooby. |
| 533 ## - REPRODUCTION NOTE | |
| Type of reproduction | Electronic reproduction. |
| Place of reproduction | Palo Alto, Calif. : |
| Agency responsible for reproduction | ebrary, |
| Date of reproduction | 2013. |
| Note about reproduction | Available via World Wide Web. |
| -- | Access may be limited to ebrary affiliated libraries. |
| 650 #0 - SUBJECT ADDED ENTRY--TOPICAL TERM | |
| Topical term or geographic name as entry element | Risk |
| General subdivision | Sociological aspects. |
| Topical term or geographic name as entry element | Risk management |
| General subdivision | Social aspects. |
| 655 #7 - INDEX TERM--GENRE/FORM | |
| Genre/form data or focus term | Electronic books. |
| Source of term | local |
| 700 1# - ADDED ENTRY--PERSONAL NAME | |
| Personal name | Taylor-Gooby, Peter. |
| Personal name | Zinn, Jens. |
| 710 2# - ADDED ENTRY--CORPORATE NAME | |
| Corporate name or jurisdiction name as entry element | ebrary, Inc. |
| 856 40 - ELECTRONIC LOCATION AND ACCESS | |
| Uniform Resource Identifier | <a href="http://site.ebrary.com/lib/rucke/Doc?id=10271614">http://site.ebrary.com/lib/rucke/Doc?id=10271614</a> |
| Public note | An electronic book accessible through the World Wide Web; click to view |
No items available.
